000 00881nam a2200265 a 4500
003 MX-MxUPN
005 20260411064112.0
007 cr |||aaaaaaa|
008 260409s2023 ck| ||||o ||| 000 0 spa d
020 _a9786287518742
040 _aMX-MxUPN
_bspa
_eaacr2
041 0 _aspa
050 1 4 _aLB17
100 1 _aBustamante, Guillermo
_959219
245 1 0 _aActualidad de la filosofía de la educación
_h[recurso electrónico en línea]
250 _aPrimera edición
260 _aBogotá, Colombia :
_bUniversidad Pedagógica Nacional,
_c2023
300 _a1 recurso en línea (218 páginas) :
_bPDF
490 0 _aColección Filosofía y enseñanza de la filosofía
506 0 _aAcceso abierto
650 4 _aEducación
_xFilosofía
_xHistoria
_915706
856 4 0 _uhttp://hdl.handle.net/20.500.12209/18424
902 _aJohanaAllegre/090426
942 _2lcc
_cLIBRO-E
999 _c214924
_d214924